Sejarah Perjuangan Sri Sultan Mahmoed Baderedin Ke II : Palembang
| Main Author: | |
|---|---|
| Format: | Book |
| Published: |
Palembang,Indonesia :
R.H.M.Akib Architect Palembang Zuid ,
1973
|
| Subjects: |
MARC
| LEADER | 00000cam a2200000 7i4500 | ||
|---|---|---|---|
| 001 | 0000099690 | ||
| 005 | 20121108.0 | ||
| 008 | 100526 bm | ||
| 090 | 0 | 0 | |a 923.2598 RHM |
| 100 | 1 | |a R.H.M. Akib | |
| 245 | 1 | 0 | |a Sejarah Perjuangan Sri Sultan Mahmoed Baderedin Ke II : |b Palembang |c R.H.M. Akib |
| 260 | |a Palembang,Indonesia : |b R.H.M.Akib Architect Palembang Zuid , |c 1973 | ||
| 300 | |a xv,145p. : |b ill. ; |c 23cm. | ||
| 650 | 0 | 0 | |a History-Palembang |z Indonesia |
| 999 | |a 0000151136 |b Buku |c Rak Terbuka |e Perbadanan Perpustakaan Awam Melaka | ||